[Event "Robecchetto op-A 26th"]
[Site "Robecchetto"]
[Date "2015.07.26"]
[Round "5"]
[White "Pinna, Ferdinando"]
[Black "Cesarano, Marco"]
[Result "0-1"]
[WhiteElo "1878"]
[BlackElo "1950"]
[PlyCount "82"]
[EventDate "2015.07.24"]
[EventType "swiss"]
[EventRounds "5"]
[EventCountry "ITA"]
[SourceTitle "EXT 2016"]
[Source "ChessBase"]
[SourceDate "2015.10.08"]
[SourceVersion "1"]
[SourceVersionDate "2015.10.08"]
[SourceQuality "1"]

1. e4 c5 2. Nc3 Nc6 3. d3 g6 4. g3 Bg7 5. Bg2 e6 6. f4 Nge7 7. Nf3 0-0 8. 0-0 d5 9. e5 h5 10. Re1 Rb8 11. Qe2 b5 12. Nd1 Qb6 13. Kh1 a5 14. Nf2 Nf5 15. g4 hxg4 16. Nxg4 Qd8 17. Be3 c4 18. Bf2 Ba6 19. Ng5 Nh6 20. Bh4 Nd4 21. Nxh6+ Bxh6 22. Qg4 Qc7 23. Nf3 Nf5 24. Bf6 b4 25. h4 Ng7 26. d4 Nh5 27. Ng5 Qd7 28. Nh3 Nxf6 29. exf6 Qd8 30. h5 Qxf6 31. hxg6 Bc8 32. gxf7+ Kh8 33. Ng5 e5 34. Qh5 e4 35. Re3 Rb6 36. Rae1 Qxf4 37. Nxe4 Qxf7 38. Qe5+ Bg7 39. Ng5 Rh6+ 40. Bh3 Bxe5 41. Nxf7+ Rxf7 0-1

[Event "Robecchetto op-A 26th"]
[Site "Robecchetto"]
[Date "2015.07.25"]
[Round "3"]
[White "Cesarano, Marco"]
[Black "Grattarola, Fabio"]
[Result "1-0"]
[WhiteElo "1950"]
[BlackElo "1976"]
[PlyCount "109"]
[EventDate "2015.07.24"]
[EventType "swiss"]
[EventRounds "5"]
[EventCountry "ITA"]
[SourceTitle "EXT 2016"]
[Source "ChessBase"]
[SourceDate "2015.10.08"]
[SourceVersion "1"]
[SourceVersionDate "2015.10.08"]
[SourceQuality "1"]

1. d4 Nf6 2. Nf3 c5 3. e3 g6 4. c4 Bg7 5. Nc3 0-0 6. Bd3 d6 7. 0-0 Nfd7 8. Re1 Nc6 9. Bf1 e5 10. dxe5 dxe5 11. e4 Nd4 12. Nxd4 cxd4 13. Nd5 Nc5 14. b4 Ne6 15. Rb1 Bd7 16. Ba3 Re8 17. Bc1 Bc6 18. Qb3 b6 19. Bd2 Nc7 20. Rbc1 Rc8 21. Qa3 Ra8 22. Qb3 Kh8 23. f4 exf4 24. Bxf4 Ne6 25. Bg3 Rc8 26. Rcd1 Qd7 27. Qa3 b5 28. c5 Bxd5 29. exd5 Qxd5 30. Bxb5 Rf8 31. Bd6 Rfd8 32. Ba6 Ra8 33. Be2 Qg5 34. Bf3 Rac8 35. Bb7 Rxd6 36. Bxc8 Rc6 37. Bb7 Rc7 38. Qxa7 Re7 39. Qb8+ Nf8 40. c6 d3 41. Qd6 Rxe1+ 42. Rxe1 d2 43. Re2 Qf4 44. Rxd2 Qe3+ 45. Kf1 Kg8 46. c7 Be5 47. Qxe5 Qxe5 48. c8Q Qf4+ 49. Rf2 Qd4 50. Qc1 Qxb4 51. Bd5 Qb5+ 52. Bc4 Qh5 53. Bxf7+ Kg7 54. Qc3+ Kh6 55. Qh3 1-0

[Event "Bergamo op 11th"]
[Site "Bergamo"]
[Date "2012.12.13"]
[Round "2"]
[White "Ventura, Salvatore"]
[Black "Cesarano, Marco"]
[Result "1-0"]
[WhiteElo "2014"]
[BlackElo "1929"]
[PlyCount "63"]
[EventDate "2012.07.13"]
[EventType "swiss"]
[EventRounds "6"]
[EventCountry "ITA"]
[SourceTitle "EXT 2014"]
[Source "ChessBase"]
[SourceDate "2013.11.20"]
[SourceVersion "1"]
[SourceVersionDate "2013.11.20"]
[SourceQuality "1"]

1. f4 d5 2. Nf3 Nf6 3. e3 e6 4. b3 Nbd7 5. Bb2 Be7 6. Be2 b6 7. 0-0 0-0 8. c4 c6 9. Ne5 Bb7 10. Bf3 Qc7 11. cxd5 exd5 12. Na3 Rfe8 13. Nc2 c5 14. Rc1 Qd8 15. Ne1 Bd6 16. N1d3 Rc8 17. g4 Nf8 18. g5 Ne4 19. Ng4 Ba6 20. Be2 Nd7 21. Rf3 Qe7 22. h4 d4 23. Rc2 dxe3 24. Rxe3 Qd8 25. Nde5 Bxe2 26. Qxe2 Nxe5 27. fxe5 Nxg5 28. exd6 Nh3+ 29. Kg2 Rxe3 30. Qxe3 Qxh4 31. Qxh3 Qe1 32. Nh6+ 1-0

[Event "Bergamo op 11th"]
[Site "Bergamo"]
[Date "2012.07.15"]
[Round "5"]
[White "Cesarano, Marco"]
[Black "Ranfagni, Stefano"]
[Result "1-0"]
[WhiteElo "1929"]
[BlackElo "1994"]
[PlyCount "65"]
[EventDate "2012.07.13"]
[EventType "swiss"]
[EventRounds "6"]
[EventCountry "ITA"]
[SourceTitle "EXT 2014"]
[Source "ChessBase"]
[SourceDate "2013.11.20"]
[SourceVersion "1"]
[SourceVersionDate "2013.11.20"]
[SourceQuality "1"]

1. d4 e6 2. Nf3 f5 3. g3 Nf6 4. Bg2 d5 5. c4 c6 6. Nc3 Bd6 7. 0-0 0-0 8. b3 Qe7 9. Bb2 Bd7 10. Ne5 Be8 11. f3 Nbd7 12. Nxd7 Bxd7 13. e4 fxe4 14. fxe4 e5 15. c5 Bxc5 16. dxc5 Qxc5+ 17. Kh1 Ng4 18. Na4 Nf2+ 19. Rxf2 Qxf2 20. Bxe5 Rae8 21. Bd4 Qf7 22. Bc5 Qf6 23. Bxf8 Rxf8 24. Rc1 Qg5 25. exd5 Bg4 26. Qe1 cxd5 27. Nc5 Rc8 28. Nd3 Rd8 29. Nf4 d4 30. Ne6 Bxe6 31. Qxe6+ Kh8 32. Rc8 d3 33. Qe8+ 1-0

[Event "VA Province-ch"]
[Site "Gallarate"]
[Date "2007.01.28"]
[Round "5"]
[White "Benvenga, Salvatore"]
[Black "Cesarano, Marco"]
[Result "0-1"]
[WhiteElo "1817"]
[BlackElo "1782"]
[PlyCount "114"]
[EventDate "2007.01.20"]
[EventType "swiss"]
[EventRounds "6"]
[EventCountry "ITA"]
[SourceTitle "EXT 2010"]
[Source "ChessBase"]
[SourceDate "2010.11.25"]
[SourceVersion "1"]
[SourceVersionDate "2010.11.25"]
[SourceQuality "1"]

1. c4 f5 2. g3 g6 3. Bg2 Bg7 4. Nc3 Nf6 5. d3 0-0 6. Nf3 d6 7. Qb3 h6 8. Nh4 Kh7 9. Bxb7 Bxb7 10. Qxb7 Nbd7 11. Qg2 e5 12. Nf3 Rb8 13. Qh3 Nh5 14. Rb1 e4 15. dxe4 Bxc3+ 16. bxc3 Rxb1 17. 0-0 fxe4 18. Nd2 Rxc1 19. Rxc1 Nc5 20. Nb3 Qf6 21. Rf1 Nxb3 22. axb3 Qf5 23. Qh4 Nf6 24. Qf4 Qxf4 25. gxf4 Nh5 26. e3 Rf7 27. Rd1 Nf6 28. h3 Re7 29. Ra1 c6 30. Ra6 Rc7 31. Kf1 Kg7 32. Ke2 Kf7 33. f3 exf3+ 34. Kxf3 Ke6 35. e4 Nd7 36. b4 Nb6 37. c5 dxc5 38. bxc5 Nd7 39. Ra5 Rb7 40. Ke3 g5 41. fxg5 hxg5 42. Kd4 Ne5 43. Ra1 a5 44. Ke3 Rh7 45. Rh1 a4 46. Kd2 g4 47. h4 Nf3+ 48. Ke3 Rxh4 49. Ra1 a3 50. Rxa3 Ne5 51. Kf4 Rh3 52. Ra8 Rf3+ 53. Kg5 g3 54. Ra1 Rf2 55. Kh4 g2 56. Kh3 Rf1 57. Ra8 g1Q 0-1

[Event "Ceriano Laghetto op-B 15th"]
[Site "Ceriano Laghetto"]
[Date "2006.04.01"]
[Round "2"]
[White "Cesarano, Marco"]
[Black "Scarpellini, Felice"]
[Result "1-0"]
[WhiteElo "1653"]
[BlackElo "1941"]
[PlyCount "167"]
[EventDate "2006.03.31"]
[EventType "swiss"]
[EventRounds "5"]
[EventCountry "ITA"]
[SourceTitle "EXT 2011"]
[Source "ChessBase"]
[SourceDate "2010.11.26"]
[SourceVersion "1"]
[SourceVersionDate "2010.11.26"]
[SourceQuality "1"]

1. d4 Nf6 2. Nf3 d5 3. c4 e6 4. Nc3 Be7 5. e3 0-0 6. Bd3 b6 7. 0-0 Bb7 8. cxd5 exd5 9. Qc2 Nbd7 10. b3 c5 11. Bb2 Rc8 12. Rac1 a6 13. Ne5 Ne4 14. Rfd1 cxd4 15. exd4 Ndf6 16. Qe2 Nxc3 17. Bxc3 b5 18. Bf5 Ra8 19. Re1 Bd6 20. Qd3 Bc8 21. Nc6 Bxf5 22. Qxf5 Qd7 23. Qxd7 Nxd7 24. Ne7+ Bxe7 25. Rxe7 Nf6 26. Bb4 Rfe8 27. Rcc7 Rxe7 28. Bxe7 h6 29. f3 a5 30. Bxf6 gxf6 31. Rc5 b4 32. Rxd5 a4 33. Rb5 axb3 34. axb3 Ra1+ 35. Kf2 Ra2+ 36. Kg3 Kg7 37. Rxb4 f5 38. f4 Rd2 39. Kf3 h5 40. Rb5 Rxd4 41. Rxf5 Kg6 42. Rb5 Rd2 43. b4 h4 44. Rg5+ Kf6 45. Rh5 Rd4 46. b5 Rb4 47. Kg4 Kg6 48. Rc5 f6 49. g3 hxg3 50. hxg3 Rb3 51. Rd5 Rb4 52. Kh4 Rb1 53. g4 Rh1+ 54. Kg3 Rg1+ 55. Kf3 Rf1+ 56. Ke3 Re1+ 57. Kf2 Re4 58. Kf3 Rb4 59. g5 Kf7 60. Rd7+ Ke6 61. Rb7 Kf5 62. Ke3 fxg5 63. fxg5 Kxg5 64. Kd3 Kf5 65. Kc3 Rb1 66. Kc4 Ke6 67. Kc5 Rc1+ 68. Kb6 Kd6 69. Rb8 Kd7 70. Ka7 Ra1+ 71. Kb7 Rb1 72. b6 Kd6 73. Rd8+ Ke7 74. Rd2 Rb3 75. Kc7 Rc3+ 76. Kb8 Rb3 77. b7 Ke6 78. Rd8 Ke7 79. Rd4 Ke6 80. Kc7 Rc3+ 81. Kb6 Rb3+ 82. Kc6 Rc3+ 83. Kb5 Rb3+ 84. Rb4 1-0

[Event "Ceriano Laghetto op-B 15th"]
[Site "Ceriano Laghetto"]
[Date "2006.04.01"]
[Round "3"]
[White "Johansson, Alexander"]
[Black "Cesarano, Marco"]
[Result "1-0"]
[WhiteElo "1850"]
[BlackElo "1653"]
[PlyCount "39"]
[EventDate "2006.03.31"]
[EventType "swiss"]
[EventRounds "5"]
[EventCountry "ITA"]
[SourceTitle "EXT 2011"]
[Source "ChessBase"]
[SourceDate "2010.11.26"]
[SourceVersion "1"]
[SourceVersionDate "2010.11.26"]
[SourceQuality "1"]

1. d4 d5 2. c4 c6 3. Nf3 Nf6 4. Nc3 e6 5. Bg5 h6 6. Bh4 Nbd7 7. e3 Bd6 8. Bd3 0-0 9. 0-0 Qc7 10. Rc1 a6 11. Qe2 dxc4 12. Bxc4 c5 13. Bd3 b6 14. e4 cxd4 15. Nb5 Qb8 16. Nxd6 Qxd6 17. e5 Nxe5 18. Nxe5 Nd7 19. Bg3 Qe7 20. Qe4 1-0